000
00258nam a2200085Ia 4500
245
0
_a
Rhino keepers struggle for survival
100
_a
Walker, Clive Sunnyside, South Africa, [c.2012]
_9
76762
942
_c
BK
008
210817s9999 xx 000 0 und d
999
_c
260301
_d
260300